[Event "North America-ch U20"]
[Site "Charlotte USA"]
[Date "2019.06.29"]
[Round "8.3"]
[White "Vettese, Nicholas"]
[Black "Sinha, Sahil"]
[Result "0-1"]
[WhiteElo "2247"]
[BlackElo "2283"]
[PlyCount "68"]
[GameId "2129404758062969"]
[EventDate "2019.06.26"]
[EventType "swiss"]
[EventRounds "9"]
[EventCountry "USA"]
[SourceTitle "10 Days #583"]
[Source "ChessMix"]
[SourceDate "2019.07.01"]
[SourceVersion "1"]
[SourceVersionDate "2019.07.01"]
[SourceQuality "1"]

1. e4 {[%emt 0:00:01]} c5 {[%emt 0:01:11]} 2. Nf3 {[%emt 0:00:08]} d6 {[%emt 0:00:02]} 3. d4 {[%emt 0:00:09]} cxd4 {[%emt 0:00:05]} 4. Nxd4 {[%emt 0:00:06]} Nf6 {[%emt 0:00:07]} 5. Nc3 {[%emt 0:00:06]} Nc6 {[%emt 0:00:12]} 6. Bg5 {[%emt 0:00:07]} e6 {[%emt 0:00:10]} 7. Qd2 {[%emt 0:00:07]} a6 {[%emt 0:00:10]} 8. O-O-O {[%emt 0:00:09]} Bd7 {[%emt 0:00:15]} 9. f3 {[%emt 0:00:08]} Nxd4 {[%emt 0:00:20]} 10. Qxd4 {[%emt 0:00:13]} Be7 {[%emt 0:00:04]} 11. g4 {[%emt 0:00:14]} O-O {[%emt 0:00:34]} 12. Be3 {[%emt 0:02:06]} Bc6 {[%emt 0:00:19]} 13. g5 {[%emt 0:02:08]} Nd7 {[%emt 0:00:18]} 14. h4 {[%emt 0:01:42]} b5 {[%emt 0:01:12]} 15. Bh3 {[%emt 0:12:14]} Rb8 {[%emt 0:02:48]} 16. Rdg1 {[%emt 0:03:01]} b4 {[%emt 0:01:19]} 17. Ne2 {[%emt 0:19:24]} d5 {[%emt 0:00:45]} 18. e5 {[%emt 0:08:34]} Qc7 {[%emt 0:01:53]} 19. g6 {[%emt 0:06:05]} hxg6 {[%emt 0:05:14]} 20. Rxg6 {[%emt 0:12:40]} fxg6 {[%emt 0:02:24]} 21. Bxe6+ {[%emt 0:00:08]} Kh8 {[%emt 0:00:43]} 22. Nf4 {[%emt 0:11:35]} Rxf4 {[%emt 0:03:29]} 23. Bxf4 {[%emt 0:00:13]} Bc5 {[%emt 0:00:35]} 24. Qd2 {[%emt 0:04:56]} Nxe5 {[%emt 0:02:41]} 25. Bg5 {[%emt 0:04:10]} Qd6 {[%emt 0:06:04]} 26. h5 {[%emt 0:02:53]} Qxe6 {[%emt 0:01:20]} 27. hxg6+ {[%emt 0:00:19]} Kg8 {[%emt 0:00:03]} 28. Qh2 {[%emt 0:00:21]} Qxg6 {[%emt 0:03:51]} 29. Qh8+ {[%emt 0:00:51]} Kf7 {[%emt 0:00:04]} 30. Qxb8 {[%emt 0:00:11]} Qxg5+ {[%emt 0:00:04]} 31. f4 {[%emt 0:00:31]} Qxf4+ {[%emt 0:00:20]} 32. Kb1 {[%emt 0:00:08]} Qf6 {[%emt 0:03:44]} 33. Qc7+ {[%emt 0:00:36]} Be7 {[%emt 0:00:55]} 34. Re1 {[%emt 0:00:22]} Nc4 {[%emt 0:00:52]} 0-1

[Event "Wch-U14"]
[Site "Porto Carras GRE"]
[Date "2018.10.20"]
[Round "1.9"]
[White "Egorov, Mikhail"]
[Black "Vettese, Nicholas"]
[Result "1-0"]
[WhiteElo "1941"]
[BlackElo "2338"]
[PlyCount "115"]
[GameId "2130307614951593"]
[EventDate "2018.10.20"]
[EventType "swiss"]
[EventRounds "11"]
[EventCountry "GRE"]
[SourceTitle "10 Days #559"]
[Source "ChessMix"]
[SourceDate "2018.11.01"]
[SourceVersion "1"]
[SourceVersionDate "2018.11.01"]
[SourceQuality "1"]

1. Nf3 Nf6 2. c4 g6 3. Nc3 d5 4. cxd5 Nxd5 5. e4 Nxc3 6. dxc3 Qxd1+ 7. Kxd1 Nd7 8. Bf4 Nc5 9. Nd2 c6 10. Kc2 f6 11. Be3 e5 12. a4 Be7 13. b4 Ne6 14. Bc4 f5 15. f3 f4 16. Bf2 Bd6 17. Rhd1 g5 18. Nb3 Ke7 19. a5 Rd8 20. h4 g4 21. fxg4 h6 22. Be2 Rg8 23. Rd2 Nd8 24. Rad1 Nf7 25. Bc4 Be6 26. Bxe6 Kxe6 27. Nc5+ Bxc5 28. Bxc5 b6 29. axb6 axb6 30. Bxb6 Ra2+ 31. Kb3 Rxd2 32. Rxd2 Rxg4 33. Bc5 Rxh4 34. c4 Rg4 35. b5 cxb5 36. cxb5 Rg8 37. b6 Rd8 38. Rxd8 Nxd8 39. Kb4 h5 40. Kb5 Kd7 41. Bb4 Nb7 42. Bc3 Nd6+ 43. Ka6 Nxe4 44. Bb4 Nf6 45. b7 Kc7 46. Bd6+ Kxd6 47. b8=Q+ Ke6 48. Qc8+ Kd5 49. Qf5 Ng4 50. Qxh5 Ne3 51. Qf3+ Kd4 52. Kb5 Kd3 53. Kc5 e4 54. Qxf4 Nc2 55. Qf1+ Kd2 56. g4 e3 57. g5 e2 58. Qxe2+ 1-0

[Event "Wch-U14"]
[Site "Porto Carras GRE"]
[Date "2018.10.23"]
[Round "5.27"]
[White "Vettese, Nicholas"]
[Black "Bassini, Emile"]
[Result "1-0"]
[WhiteElo "2338"]
[BlackElo "2002"]
[PlyCount "103"]
[GameId "2130307614959946"]
[EventDate "2018.10.20"]
[EventType "swiss"]
[EventRounds "11"]
[EventCountry "GRE"]
[SourceTitle "10 Days #559"]
[Source "ChessMix"]
[SourceDate "2018.11.01"]
[SourceVersion "1"]
[SourceVersionDate "2018.11.01"]
[SourceQuality "1"]

1. e4 c5 2. Nf3 d6 3. d4 cxd4 4. Nxd4 Nf6 5. Nc3 a6 6. Nb3 Nc6 7. Be3 e6 8. g4 h6 9. a3 Ne5 10. Rg1 g5 11. h4 Nfd7 12. Qe2 Qf6 13. O-O-O Ng6 14. hxg5 hxg5 15. e5 Qxe5 16. Qd2 Rh2 17. Nd4 Nh4 18. Bxg5 Rxf2 19. Qxf2 Qxg5+ 20. Kb1 d5 21. Bd3 Be7 22. Bb5 axb5 23. Ncxb5 Kd8 24. Qxf7 Nf8 25. Qf2 Ra6 26. Qg3 e5 27. Qc3 Bd6 28. Nxd6 Rxd6 29. Nb5 Rd7 30. Qa5+ Ke7 31. Qb4+ Ke8 32. Nd6+ Rxd6 33. Qxd6 Be6 34. Qb8+ Ke7 35. Qxb7+ Nd7 36. a4 Nf3 37. Rh1 Nd2+ 38. Ka2 Qf4 39. b3 Qe4 40. Rxd2 Qxh1 41. a5 e4 42. a6 e3 43. Re2 Qd1 44. Qb4+ Ke8 45. a7 Qxe2 46. a8=Q+ Kf7 47. Qf4+ Ke7 48. Qg5+ Kd6 49. Qa3+ Kc6 50. Qg6 Qxg4 51. Qxg4 Bxg4 52. Qa4+ 1-0

[Event "Wch-U14"]
[Site "Porto Carras GRE"]
[Date "2018.10.24"]
[Round "6.18"]
[White "Redzisz, Michal"]
[Black "Vettese, Nicholas"]
[Result "0-1"]
[WhiteElo "2026"]
[BlackElo "2338"]
[PlyCount "46"]
[GameId "2130307614959973"]
[EventDate "2018.10.20"]
[EventType "swiss"]
[EventRounds "11"]
[EventCountry "GRE"]
[SourceTitle "10 Days #559"]
[Source "ChessMix"]
[SourceDate "2018.11.01"]
[SourceVersion "1"]
[SourceVersionDate "2018.11.01"]
[SourceQuality "1"]

1. d4 Nf6 2. c4 g6 3. f3 c5 4. d5 d6 5. Nc3 Bg7 6. e4 O-O 7. Bd3 e6 8. Bg5 h6 9. Bh4 exd5 10. exd5 Nbd7 11. f4 Qb6 12. Qc2 Re8+ 13. Nge2 Ng4 14. Bf2 Bd4 15. Bxd4 cxd4 16. Nb5 a6 17. Na3 Nc5 18. O-O Nxd3 19. Qxd3 Rxe2 20. b3 Bf5 21. Qf3 d3+ 22. Kh1 h5 23. c5 Qxc5 0-1

[Event "Wch-U14"]
[Site "Porto Carras GRE"]
[Date "2018.10.28"]
[Round "9.18"]
[White "Vettese, Nicholas"]
[Black "Marn, Jan"]
[Result "1/2-1/2"]
[WhiteElo "2338"]
[BlackElo "2125"]
[PlyCount "115"]
[GameId "2130307614964175"]
[EventDate "2018.10.20"]
[EventType "swiss"]
[EventRounds "11"]
[EventCountry "GRE"]
[SourceTitle "10 Days #559"]
[Source "ChessMix"]
[SourceDate "2018.11.01"]
[SourceVersion "1"]
[SourceVersionDate "2018.11.01"]
[SourceQuality "1"]

1. e4 e5 2. Nf3 Nc6 3. Nc3 Nf6 4. d4 exd4 5. Nxd4 Bb4 6. Nxc6 bxc6 7. Bd3 O-O 8. O-O d5 9. exd5 cxd5 10. h3 c6 11. Qf3 h6 12. Bf4 Bd6 13. Na4 Qc7 14. Bxh6 Ne4 15. Bc1 f5 16. Rd1 Bh2+ 17. Kh1 Be5 18. c4 Qa5 19. Bc2 Ba6 20. cxd5 cxd5 21. Bf4 Bxf4 22. Qxf4 Rac8 23. Nc3 Nxc3 24. bxc3 Qxc3 25. Rac1 Bc4 26. Bd3 Qb2 27. Rc2 Qb5 28. Rdc1 Qa6 29. Rxc4 dxc4 30. Bxc4+ Rxc4 31. Qxc4+ Qxc4 32. Rxc4 Re8 33. Rc7 Re2 34. Rxa7 Rxf2 35. Kg1 Rb2 36. a4 Ra2 37. a5 f4 38. a6 Kh7 39. Ra8 Kg6 40. a7 Kf7 41. h4 Kg6 42. h5+ Kh7 43. Kf1 Ra6 44. Ke2 Ra3 45. Kf2 Ra2+ 46. Kf3 Ra4 47. Kg4 Ra5 48. Kxf4 Ra4+ 49. Ke5 Ra5+ 50. Ke6 g6 51. h6 Ra1 52. g4 Re1+ 53. Kd5 Rd1+ 54. Ke4 Re1+ 55. Kf3 Rf1+ 56. Kg2 Ra1 57. g5 Rg1+ 58. Kxg1 1/2-1/2

[Event "Wch-U14"]
[Site "Porto Carras GRE"]
[Date "2018.10.29"]
[Round "10.20"]
[White "Risteski, Emil"]
[Black "Vettese, Nicholas"]
[Result "0-1"]
[WhiteElo "2120"]
[BlackElo "2338"]
[PlyCount "138"]
[GameId "2130307614964205"]
[EventDate "2018.10.20"]
[EventType "swiss"]
[EventRounds "11"]
[EventCountry "GRE"]
[SourceTitle "10 Days #559"]
[Source "ChessMix"]
[SourceDate "2018.11.01"]
[SourceVersion "1"]
[SourceVersionDate "2018.11.01"]
[SourceQuality "1"]

1. e4 c5 2. Nf3 d6 3. d4 cxd4 4. Nxd4 Nf6 5. Nc3 a6 6. Be2 e6 7. Be3 Qc7 8. O-O b5 9. a3 Bb7 10. f3 Nbd7 11. Qe1 Be7 12. Qg3 O-O 13. Kh1 Kh8 14. Rae1 Rac8 15. Bd3 d5 16. Qxc7 Rxc7 17. exd5 Nxd5 18. Nxd5 Bxd5 19. Bf4 Rcc8 20. c3 Bf6 21. Bd6 Rfd8 22. f4 Nb6 23. Be5 Bh4 24. Re3 f6 25. Nxe6 Bxe6 26. Bd4 Bc4 27. g3 Nd5 28. Ref3 Ne7 29. Bxc4 bxc4 30. gxh4 Nf5 31. Re1 Re8 32. Rff1 Nxh4 33. Bf2 Nf5 34. Kg2 Kg8 35. Kf3 Kf7 36. Rxe8 Rxe8 37. Re1 Rd8 38. Re4 Nd6 39. Re2 Rc8 40. Bd4 g6 41. Rc2 h6 42. Re2 g5 43. fxg5 hxg5 44. h4 gxh4 45. Kg4 Rh8 46. Rh2 Rg8+ 47. Kf4 Rh8 48. Kg4 Ne4 49. Rxh4 f5+ 50. Kh3 Rxh4+ 51. Kxh4 Ke6 52. Kh3 Kd5 53. Kg2 Nc5 54. Kf3 Nd3 55. Bb6 Kc6 56. Ba7 Kb5 57. Ke3 Ka4 58. Kd4 Kb3 59. a4 Nxb2 60. a5 Na4 61. Ke5 Kxc3 62. Kxf5 Kd3 63. Bb8 Nc5 64. Bf4 Nb3 65. Ke5 Nxa5 66. Kd5 Nb3 67. Kc6 c3 68. Kb6 c2 69. Bc1 Nxc1 0-1

[Event "Wch-U14"]
[Site "Porto Carras GRE"]
[Date "2018.10.30"]
[Round "11.13"]
[White "Vettese, Nicholas"]
[Black "Turgut, Aydin"]
[Result "1-0"]
[WhiteElo "2338"]
[BlackElo "2156"]
[PlyCount "133"]
[GameId "2130307614968326"]
[EventDate "2018.10.20"]
[EventType "swiss"]
[EventRounds "11"]
[EventCountry "GRE"]
[SourceTitle "10 Days #559"]
[Source "ChessMix"]
[SourceDate "2018.11.01"]
[SourceVersion "1"]
[SourceVersionDate "2018.11.01"]
[SourceQuality "1"]

1. e4 e5 2. Nf3 Nc6 3. d4 exd4 4. Nxd4 Bc5 5. Nxc6 Qf6 6. Qf3 dxc6 7. Nc3 Be6 8. Be3 Qxf3 9. gxf3 Bxe3 10. fxe3 O-O-O 11. Rg1 g6 12. e5 Ne7 13. Ne4 Bd5 14. Bd3 Nf5 15. Ke2 Rde8 16. f4 Bxe4 17. Bxe4 Ng7 18. Bf3 Rhf8 19. Bg4+ Ne6 20. Raf1 f5 21. Bf3 g5 22. c3 gxf4 23. Bh5 f3+ 24. Rxf3 Re7 25. Rfg3 Kd7 26. Rh3 Nc5 27. Bf3 Ke6 28. Rg5 Kxe5 29. Rgh5 Rff7 30. R3h4 a5 31. Rf4 Ne6 32. Ra4 Kd6 33. Rh6 Kd7 34. Rxa5 Nf4+ 35. Kd2 Ng6 36. Rxf5 Rxf5 37. Bg4 Ke6 38. e4 Kf6 39. Bxf5 Kg5 40. Rh3 Nh4 41. Bc8 Re8 42. Bxb7 Rb8 43. Bxc6 Rxb2+ 44. Ke3 Rxa2 45. Bd5 Rc2 46. Kd3 Rb2 47. Kc4 h5 48. Kc5 Ng6 49. Rg3+ Kf6 50. Rf3+ Ke7 51. Rf5 Rxh2 52. e5 Re2 53. e6 Ne5 54. Rxh5 Nd3+ 55. Kc6 Nf4 56. Rh7+ Ke8 57. Kxc7 Nxe6+ 58. Kd6 Nf8 59. Ra7 Ne6 60. Bxe6 Rd2+ 61. Bd5 Kf8 62. c4 Rh2 63. c5 Rh6+ 64. Be6 Rh1 65. c6 Rd1+ 66. Bd5 Rc1 67. c7 1-0

[Event "Wch-U12"]
[Site "Porto Carras GRE"]
[Date "2015.11.01"]
[Round "7"]
[White "Vettese, Nicholas"]
[Black "Sanz Wawer, Daniel"]
[Result "1-0"]
[WhiteElo "2046"]
[BlackElo "2016"]
[PlyCount "75"]
[GameId "2130307651451840"]
[EventDate "2015.10.25"]
[EventType "swiss"]
[EventRounds "11"]
[EventCountry "GRE"]
[SourceTitle "Mega2015 Update 51"]
[Source "Chessbase"]
[SourceDate "2015.11.12"]
[SourceVersion "1"]
[SourceVersionDate "2015.11.12"]
[SourceQuality "1"]

1. e4 c5 2. Nf3 d6 3. d4 cxd4 4. Nxd4 Nf6 5. Nc3 g6 6. Be3 Bg7 7. f3 O-O 8. Qd2 Nc6 9. g4 Be6 10. Nxe6 fxe6 11. O-O-O Rc8 12. g5 Nh5 13. Bh3 Qd7 14. f4 Nd8 15. Ne2 Qa4 16. Kb1 Qxe4 17. Ng3 Nxg3 18. hxg3 Rc4 19. Bg2 Qf5 20. Bf1 Ra4 21. Qh2 h5 22. gxh6 Bf6 23. Qd2 Qa5 24. Bd3 Kh7 25. Qxa5 Rxa5 26. Rde1 e5 27. fxe5 Bxe5 28. Ref1 Rxf1+ 29. Rxf1 Bf6 30. g4 Ne6 31. b4 Ra4 32. c3 Ra3 33. Kb2 Rxc3 34. Rxf6 Rxd3 35. Rxe6 Rd1 36. Rxe7+ Kh8 37. Kc2 Rd5 38. Kc3 1-0

[Event "Wch-U12"]
[Site "Porto Carras GRE"]
[Date "2015.11.02"]
[Round "8"]
[White "Keymer, Vincent"]
[Black "Vettese, Nicholas"]
[Result "1-0"]
[WhiteElo "2347"]
[BlackElo "2046"]
[PlyCount "95"]
[GameId "2130307651451846"]
[EventDate "2015.10.25"]
[EventType "swiss"]
[EventRounds "11"]
[EventCountry "GRE"]
[SourceTitle "Mega2015 Update 51"]
[Source "Chessbase"]
[SourceDate "2015.11.12"]
[SourceVersion "1"]
[SourceVersionDate "2015.11.12"]
[SourceQuality "1"]

1. d4 Nf6 2. c4 e6 3. Nf3 Bb4+ 4. Nbd2 O-O 5. a3 Bxd2+ 6. Qxd2 d6 7. e3 Nbd7 8. b4 e5 9. dxe5 dxe5 10. Bb2 e4 11. Nd4 Ne5 12. h3 Qe7 13. Qc3 Re8 14. Rd1 Bd7 15. Be2 c5 16. bxc5 Qxc5 17. O-O Rac8 18. Rc1 Qe7 19. Qb4 Nd3 20. Bxd3 exd3 21. Qxe7 Rxe7 22. Rfd1 Ne4 23. Rxd3 Nc5 24. Rdd1 a6 25. g4 g6 26. Ne2 Ba4 27. Rd6 Rd7 28. Rxd7 Nxd7 29. Bd4 b6 30. Rc3 Kf8 31. f3 Bc6 32. Kf2 Bb7 33. Nf4 b5 34. c5 Ke7 35. e4 a5 36. h4 Bc6 37. Ke3 Bb7 38. g5 Bc6 39. Nd3 Bb7 40. Rc1 Ke6 41. h5 Ba8 42. Rh1 Ke7 43. hxg6 hxg6 44. Rh7 Bb7 45. f4 Rg8 46. Bc3 a4 47. Bf6+ Ke8 48. Rh2 1-0

[Event "Wch-U12"]
[Site "Porto Carras GRE"]
[Date "2015.11.04"]
[Round "10"]
[White "Vettese, Nicholas"]
[Black "Liang, Awonder"]
[Result "0-1"]
[WhiteElo "2046"]
[BlackElo "2365"]
[PlyCount "220"]
[GameId "2130307651451868"]
[EventDate "2015.10.25"]
[EventType "swiss"]
[EventRounds "11"]
[EventCountry "GRE"]
[SourceTitle "Mega2015 Update 51"]
[Source "Chessbase"]
[SourceDate "2015.11.12"]
[SourceVersion "1"]
[SourceVersionDate "2015.11.12"]
[SourceQuality "1"]

1. e4 c5 2. Nf3 d6 3. d4 cxd4 4. Nxd4 Nf6 5. Nc3 Nc6 6. Bg5 e6 7. Qd2 Qb6 8. Bxf6 gxf6 9. Nb3 Bd7 10. O-O-O O-O-O 11. f4 Kb8 12. Kb1 Na5 13. Be2 h5 14. Rhf1 Nxb3 15. axb3 Be7 16. Bf3 h4 17. Rde1 Qa5 18. Qd3 Rc8 19. Qd4 Qc5 20. Qxc5 Rxc5 21. Be2 Rcc8 22. Bf3 Rcg8 23. Rh1 Bd8 24. Ne2 Bb6 25. g4 hxg3 26. hxg3 Bc6 27. g4 Kc7 28. f5 Kd7 29. Rxh8 Rxh8 30. Rh1 Rxh1+ 31. Bxh1 Ke7 32. c4 Bc5 33. Kc2 a5 34. Kd3 Bf2 35. Nd4 Bxd4 36. Kxd4 b6 37. Bf3 Kf8 38. Ke3 Kg7 39. Kf4 Kh6 40. Be2 e5+ 41. Kf3 Kg5 42. Bd3 Kh4 43. Bf1 Bd7 44. Bd3 Be8 45. Bf1 Bc6 46. Be2 Kh3 47. Bd3 Kh2 48. Kf2 Bb7 49. Bc2 Ba6 50. Bd3 Bc8 51. Bb1 Bd7 52. Bd3 Bc6 53. Kf3 Kh3 54. Bf1+ Kh4 55. Bd3 Bd7 56. Be2 Bc8 57. Bd1 Kh3 58. Be2 Bb7 59. Bf1+ Kh4 60. Be2 Kg5 61. Bd3 Bc6 62. Be2 Kh6 63. Bd3 Bb7 64. Kg3 Kg5 65. Kf3 Bc6 66. Be2 Ba8 67. Bd3 Bb7 68. Be2 Kh6 69. Bd3 Kg7 70. Kg3 Kf8 71. Kf3 Ke7 72. Ke3 Kd7 73. Kd2 Kc6 74. Kc2 Kc5 75. Kc3 Bc8 76. Be2 Bd7 77. Bd3 Bc6 78. Bb1 Bb7 79. Bd3 Ba6 80. Bf1 b5 81. Be2 Bb7 82. Bf3 Bc6 83. Bg2 Ba8 84. Bh1 Bb7 85. Bf3 Bc6 86. Bg2 Bd7 87. Bh1 Be8 88. Bf3 b4+ 89. Kd3 Kc6 90. Be2 Kd7 91. Ke3 Ke7 92. Bd1 Kf8 93. Kf3 Kg7 94. Kg3 Kh6 95. Kh4 Bd7 96. Bc2 Bc6 97. Kh3 Kg5 98. Kg3 Bd7 99. Bd1 Be8 100. Kf3 Kh4 101. Bc2 Kh3 102. Bd1 Kh2 103. Bc2 Kg1 104. Bd3 Bc6 105. Kg3 a4 106. bxa4 Bxa4 107. Kh4 Kf2 108. g5 fxg5+ 109. Kxg5 Ke3 110. Bb1 Bc6 0-1

[Event "NAYCC U10"]
[Site "Tarrytown USA"]
[Date "2014.06.16"]
[Round "9"]
[White "Hong, Andrew"]
[Black "Vettese, Nicholas"]
[Result "0-1"]
[WhiteElo "2109"]
[BlackElo "1943"]
[PlyCount "92"]
[GameId "2130307670392977"]
[EventDate "2014.06.12"]
[EventType "swiss"]
[EventRounds "9"]
[EventCountry "USA"]

1. e4 c5 2. Nf3 d6 3. d4 cxd4 4. Nxd4 Nf6 5. Nc3 a6 6. Be3 e6 7. f3 Qc7 8. Qd2 Nbd7 9. O-O-O Ne5 10. g4 Be7 11. g5 Nfd7 12. f4 Nc4 13. Bxc4 Qxc4 14. h4 b5 15. f5 b4 16. Nb1 e5 17. b3 Qc7 18. Ne2 Bb7 19. Ng3 a5 20. h5 Rd8 21. h6 g6 22. fxg6 fxg6 23. Rhf1 Nc5 24. Qg2 Ba6 25. Rf3 Nd3+ 26. Kd2 Rc8 27. Rc1 Nxc1 28. Kxc1 Rf8 29. Nf5 gxf5 30. exf5 Bb7 31. c4 Bxf3 32. Qxf3 Qd7 33. f6 Qe6 34. Qh5+ Rf7 35. fxe7 Kxe7 36. Nd2 d5 37. g6 hxg6 38. Qh4+ Kd7 39. h7 Rh8 40. cxd5 Qxd5 41. Qg4+ Qe6 42. Qe2 Rfxh7 43. Nc4 Rh1+ 44. Kb2 R1h2 45. Bf2 Rf8 46. Qd3+ Ke7 0-1

[Event "Titled Tuesday 2024.12.10 Early"]
[Site "chess.com INT"]
[Date "2024.12.10"]
[Round "1"]
[White "Camacho, G."]
[Black "Vettese, Nicholas"]
[Result "1-0"]
[WhiteElo "2285"]
[BlackElo "2348"]
[PlyCount "67"]
[GameId "2129405226286626"]
[EventDate "2024.12.10"]
[EventType "swiss (blitz)"]
[EventRounds "11"]
[EventCountry "NET"]
[SourceTitle "The Week in Chess 1571"]
[Source "Mark Crowther"]
[SourceDate "2024.12.16"]
[SourceVersion "1"]
[SourceVersionDate "2024.12.16"]
[SourceQuality "2"]

1. d4 c5 2. d5 e5 3. Nc3 d6 4. e4 Be7 5. Nf3 Bg4 6. Be2 Bxf3 7. Bxf3 Bg5 8. O-O a6 9. a4 Bxc1 10. Qxc1 Nf6 11. a5 O-O 12. Qd2 Nbd7 13. Na4 g6 14. b3 Kg7 15. Nb2 h5 16. Nc4 Qc7 17. Rae1 Rfb8 18. Bd1 Re8 19. f4 exf4 20. Qxf4 Re5 21. Nxe5 dxe5 22. Qd2 Ne8 23. Bxh5 gxh5 24. Qg5+ Kf8 25. Qxh5 f6 26. Qh7 Qd6 27. Rf3 Qe7 28. Qh8+ Kf7 29. Rh3 Qf8 30. Rh7+ Ng7 31. Rxg7+ Qxg7 32. Qxa8 Qg5 33. Qxb7 Ke7 34. d6+ 1-0

[Event "Titled Tuesday 2024.12.10 Early"]
[Site "chess.com INT"]
[Date "2024.12.10"]
[Round "2"]
[White "Vettese, Nicholas"]
[Black "Amorim, Daniel Madson De Me"]
[Result "1-0"]
[WhiteElo "2348"]
[BlackElo "2143"]
[PlyCount "41"]
[GameId "2129405226286962"]
[EventDate "2024.12.10"]
[EventType "swiss (blitz)"]
[EventRounds "11"]
[EventCountry "NET"]
[SourceTitle "The Week in Chess 1571"]
[Source "Mark Crowther"]
[SourceDate "2024.12.16"]
[SourceVersion "1"]
[SourceVersionDate "2024.12.16"]
[SourceQuality "2"]

1. c4 e5 2. Nc3 Nc6 3. Nf3 Bc5 4. Nxe5 Bxf2+ 5. Kxf2 Nxe5 6. e3 Nxc4 7. d4 d5 8. Bxc4 dxc4 9. e4 Nf6 10. Rf1 Bg4 11. Qa4+ c6 12. Qxc4 h6 13. Kg1 Qd7 14. Be3 Be6 15. Qb4 Ng4 16. Bf4 O-O-O 17. h3 Nf6 18. Be5 Nh5 19. Nb5 Rdg8 20. Qa5 a6 21. Na7# 1-0

[Event "Titled Tuesday 2024.12.10 Early"]
[Site "chess.com INT"]
[Date "2024.12.10"]
[Round "3"]
[White "Neklyudov, V."]
[Black "Vettese, Nicholas"]
[Result "1-0"]
[WhiteElo "2432"]
[BlackElo "2348"]
[PlyCount "105"]
[GameId "2129405226340688"]
[EventDate "2024.12.10"]
[EventType "swiss (blitz)"]
[EventRounds "11"]
[EventCountry "NET"]
[SourceTitle "The Week in Chess 1571"]
[Source "Mark Crowther"]
[SourceDate "2024.12.16"]
[SourceVersion "1"]
[SourceVersionDate "2024.12.16"]
[SourceQuality "2"]

1. e4 c5 2. Nf3 Nc6 3. d4 cxd4 4. Nxd4 Nf6 5. f3 d5 6. Bb5 Bd7 7. Bxc6 bxc6 8. e5 Ng8 9. e6 fxe6 10. Qe2 Nf6 11. Nxe6 Bxe6 12. Qxe6 Qd6 13. Qxd6 exd6 14. O-O g6 15. Re1+ Kd7 16. Nd2 Bg7 17. Nb3 c5 18. c3 a5 19. a4 Rhb8 20. Nd2 Re8 21. Kf1 Rxe1+ 22. Kxe1 Rb8 23. Ra3 Kc6 24. Rb3 Re8+ 25. Kd1 Nd7 26. Rb5 Ne5 27. Kc2 c4 28. Nf1 Nd3 29. Be3 Ne1+ 30. Kd1 Nxg2 31. Bd2 d4 32. Rxa5 d3 33. Ra6+ Kc5 34. Ng3 d5 35. Ra5+ Kc6 36. Ra6+ Kb7 37. Rd6 Be5 38. Rxd5 h5 39. Rc5 h4 40. Nf1 Rf8 41. Rxe5 Rxf3 42. Ne3 h3 43. Nxc4 Rf1+ 44. Be1 Rh1 45. Kd2 Rxh2 46. Bg3 Rh1 47. Kxd3 h2 48. Bxh2 Rxh2 49. b4 Nf4+ 50. Ke4 Ne2 51. Rb5+ Kc7 52. Kd3 Nf4+ 53. Ke3 1-0

[Event "Titled Tuesday 2024.12.10 Early"]
[Site "chess.com INT"]
[Date "2024.12.10"]
[Round "4"]
[White "Lam, P."]
[Black "Vettese, Nicholas"]
[Result "0-1"]
[WhiteElo "2110"]
[BlackElo "2348"]
[PlyCount "94"]
[GameId "2129405226349086"]
[EventDate "2024.12.10"]
[EventType "swiss (blitz)"]
[EventRounds "11"]
[EventCountry "NET"]
[SourceTitle "The Week in Chess 1571"]
[Source "Mark Crowther"]
[SourceDate "2024.12.16"]
[SourceVersion "1"]
[SourceVersionDate "2024.12.16"]
[SourceQuality "2"]

1. d4 c5 2. c3 Nf6 3. Bf4 Qb6 4. Qb3 Qxb3 5. axb3 cxd4 6. cxd4 Nc6 7. Nf3 d6 8. e3 Nh5 9. Bg3 Nxg3 10. hxg3 e5 11. Bb5 Bd7 12. Nc3 f6 13. Nd5 Rc8 14. Rc1 Kd8 15. O-O Ne7 16. Rxc8+ Bxc8 17. Nc3 a6 18. Be2 Be6 19. Bc4 d5 20. Be2 e4 21. Nd2 f5 22. b4 Nc8 23. b5 a5 24. Ra1 Bb4 25. Nb3 Bxc3 26. bxc3 b6 27. Nd2 Nd6 28. c4 dxc4 29. Rc1 Ke7 30. g4 fxg4 31. d5 Bxd5 32. Bxg4 a4 33. Nb1 Nxb5 34. Rd1 Rd8 35. f3 c3 36. Rc1 a3 37. Nxa3 Nxa3 38. Rxc3 Nb5 39. Rc2 exf3 40. gxf3 Nd6 41. Rb2 b5 42. Rh2 h6 43. e4 Be6 44. Bh5 b4 45. Bg6 b3 46. e5 Nc4 47. Rxh6 gxh6 0-1

[Event "Titled Tuesday 2024.12.10 Early"]
[Site "chess.com INT"]
[Date "2024.12.10"]
[Round "5"]
[White "Vettese, Nicholas"]
[Black "Golubovic, Erik"]
[Result "1-0"]
[WhiteElo "2348"]
[BlackElo "2180"]
[PlyCount "79"]
[GameId "2129405226357580"]
[EventDate "2024.12.10"]
[EventType "swiss (blitz)"]
[EventRounds "11"]
[EventCountry "NET"]
[SourceTitle "The Week in Chess 1571"]
[Source "Mark Crowther"]
[SourceDate "2024.12.16"]
[SourceVersion "1"]
[SourceVersionDate "2024.12.16"]
[SourceQuality "2"]

1. c4 Nf6 2. g3 e6 3. Bg2 d5 4. Nf3 c5 5. O-O Be7 6. d4 O-O 7. cxd5 exd5 8. Nc3 Nc6 9. dxc5 Bxc5 10. Bg5 d4 11. Na4 Be7 12. Rc1 h6 13. Bf4 Re8 14. a3 Bg4 15. b4 Nd5 16. Bd2 Rc8 17. Re1 Bf8 18. b5 Nce7 19. Rxc8 Qd7 20. Nxd4 Rxc8 21. Qb3 Nf6 22. Bc3 Ned5 23. Bb2 Nb6 24. Nxb6 axb6 25. e3 Bh3 26. Rc1 Rxc1+ 27. Bxc1 Bxg2 28. Kxg2 Bc5 29. Bb2 Qg4 30. f3 Qd7 31. a4 Nd5 32. e4 Nf6 33. Qc3 Bxd4 34. Qxd4 Qe6 35. h4 Qa2 36. g4 Ne8 37. Kg3 Qe6 38. Qd8 Kf8 39. Ba3+ Kg8 40. Be7 1-0

[Event "Titled Tuesday 2024.12.10 Early"]
[Site "chess.com INT"]
[Date "2024.12.10"]
[Round "6"]
[White "Pavlov, Nikolay"]
[Black "Vettese, Nicholas"]
[Result "0-1"]
[WhiteElo "2316"]
[BlackElo "2348"]
[PlyCount "76"]
[GameId "2129405226366068"]
[EventDate "2024.12.10"]
[EventType "swiss (blitz)"]
[EventRounds "11"]
[EventCountry "NET"]
[SourceTitle "The Week in Chess 1571"]
[Source "Mark Crowther"]
[SourceDate "2024.12.16"]
[SourceVersion "1"]
[SourceVersionDate "2024.12.16"]
[SourceQuality "2"]

1. e4 c5 2. Nf3 b6 3. d4 cxd4 4. Qxd4 Nc6 5. Qe3 e6 6. Nc3 Bc5 7. Qf4 Nge7 8. h4 Ng6 9. Qg3 h5 10. Bg5 f6 11. Be3 Kf7 12. Bxc5 bxc5 13. O-O-O Rb8 14. Bb5 Qb6 15. Qd6 Nge7 16. b3 Qa5 17. Bxc6 Qxc3 18. Qxb8 Nxc6 19. Qd6 Nb4 20. Ne1 Nxa2+ 21. Kb1 Nb4 22. Rh3 Qe5 23. Qxe5 fxe5 24. Nf3 Nc6 25. Ng5+ Ke7 26. Rc3 d6 27. Rf3 Nd8 28. Kb2 Bb7 29. Ra1 a6 30. c3 Rh6 31. b4 cxb4 32. cxb4 Rf6 33. Rc1 Nc6 34. Kc3 Nd4 35. Re3 Rxf2 36. Kd3 Bc6 37. Rce1 Bb5+ 38. Kc3 Rc2# 0-1